000 00533nam a2200145Ia 4500
008 140724s9999 xx 000 0 und d
050 _aRT 86.75
_b.N322 2008
100 _aNavarro, Kristine S.
245 4 _aThe efficiency and satisfaction rate of using the basin and the improvised "Palpad" in hair shampooing of patients /
_cKristine S. Navarro.
260 _aLas PiƱas, Philippines :
_bSouthville International School and Colleges,
_cc2008.
300 _a53 p. :
_c28 cm.
521 _aNursing
942 _cTH
999 _c229072
_d229072